Every Premier League Clubs Record Transfer - Statistics

General Stats
  • This quiz has been taken 37 times
  • The average score is 8 of 20
Answer Stats
Team Player % Correct
Manchester United - £89m Paul Pogba
85%
Arsenal - £52m Alexandre Lacazette
81%
Crystal Palace - £27m Christian Benteke
77%
Manchester City - £54m Kevin De Bruyne
62%
Chelsea - £70m Alvaro Morata
58%
Southampton - £20.7m Sadio Mané
50%
Everton - £45m Gylfi Sigurðsson
42%
Spurs - £30m Moussa Sissoko
42%
Leicester City - £29m Islam Slimani
38%
Watford - £18.5m Andre Gray
31%
Liverpool - £36.5m Naby Keita
31%
A.F.C Bournemouth - £20m Nathan Aké
31%
Huddersfield - £11.5m Steve Mounié
27%
Newcastle United - £22.5m Michael Owen
23%
West Bromwich Albion - £13m Nacer Chadli
23%
Stoke City - £18.3m Giannelli Imbula
19%
Swansea City - £15.5m Borja Bastón
8%
Brighton & Hove Albion - £13.5m Jose Izquierdo
8%
West Ham United - £25m Marko Arnautović
8%
Burnley - £13m Robbie Brady
8%
No matching quizzes found
Score Distribution
Percent of People with Each Score
Percentile by Number Answered
Your Score History
You have not taken this quiz